000
00313nam a22001337a 4500
008
170809b xxu||||| |||| 00| 0 eng d
020
_a
3411152729
041
_a
ger
080
_a
004
100
_a
004
101
_a
SHK
245
_a
KUNSTLICHE INTELLIGENZ-UBERBLICK UND GRUNDLAGEN
_c
SCHEFE,P
942
_2
udc
_c
BK
999
_c
23041
_d
23041